000 01482cab a2200205 4500
001 ABS68662
008 050114n2005 000 0 eng u
035 _a(Sirsi) u128531
100 _aUpton, W.
245 _aPlanning reform: the requirement to replace supplementary planning guidance with supplementary planning documents
260 _c2005
490 _aJournal of Planning and Environment Law
_vJanuary 2005, 34-40(7)
520 _aReviews the Supplementary Planning Document (SPD) requirement introduced in the Planning and Compulsory Purchase Act 2004, guidance on which is now published in "PPS 12: local development frameworks". It is only a requirement in England. Defines SPD in the context of the Local Development Scheme (LDS) that sets out a local authority's complete lists of local development documents comprising development plan documents and SPDs. Covers the inclusion of the SPD in the LDS, the interim status of Supplementary Planning Guidance (SPG), the content of the SPD, its adoption process and challenges to it. Concludes that the requirements regarding SPD already apply and there is now little point in adopting new SPG under the old informal procedures. Views the ultimate success or failure of the new system as hinging on the level of public consultation achieved.
590 _aABS
650 _aPLANNING REFORM
650 _aPLANNING AND COMPULSORY PURCHASE ACT 2004
650 _aPLANNING GUIDANCE
690 _aPLANNING
942 _n0
999 _c74721
_d74721